Normal view MARC view

Entry Personal Name

Number of records used in: 1

001 - CONTROL NUMBER

  • control field: 11123

003 - CONTROL NUMBER IDENTIFIER

  • control field: OSt

005 - DATE AND TIME OF LATEST TRANSACTION

  • control field: 20160930132808.0

008 - FIXED-LENGTH DATA ELEMENTS

  • fixed length control field: 160930|| aca||aabn | a|a d

040 ## - CATALOGING SOURCE

  • Original cataloging agency: OSt
  • Transcribing agency: OSt

100 ## - HEADING--PERSONAL NAME

  • Personal name: Edited byu Brainin,Micheal;Heiss,Wolf-Dieter;

670 ## - SOURCE DATA FOUND

  • Source citation: Work cat.: (OSt): Edited byu Brainin,Micheal;Heiss,Wolf-Dieter;, Textbook of Stroke Medicine., 2010